Summer Storm

Uloženo v:
Podrobná bibliografie
Hlavní autor: Hortelano, Juan García
Médium: Kniha
Jazyk:Undetermined
Vydáno: New York, Estados Unidos Grove Press 1962
Témata:
Tagy: Přidat tag
Žádné tagy, Buďte první, kdo vytvoří štítek k tomuto záznamu!

MARC

LEADER 00000nam a2200000Ia 4500
008 170316s9999 xx 000 0 und d
040 |a cru BVZT 
090 |a 810 H-32.1s 
100 |a Hortelano, Juan García 
245 |a Summer Storm 
260 |a New York, Estados Unidos 
260 |b Grove Press 
260 |c 1962 
300 |a 333 páginas 
650 |a LITERATURA ESTADOUNIDENSE 
999 |c 5748  |d 5748 
942 |c 15 D  |h 810 H-32.1s  |2 z